Survivor 41 Contestants - Statistics

General Stats
  • This quiz has been taken 119 times
  • The average score is 17 of 18
Answer Stats
OG Tribe Place Answer % Correct
Yasa 3rd F Xander Hastings
99%
Luvu 6th J Danny McCray
97%
Luvu 1st W Erika Casupanan
97%
Ua 5th J Ricard Foye
97%
Ua 8th J Shan Smith
97%
Luvu 2nd F Deshawn Radden
96%
Yasa 9th J Evvie Jagoda
94%
Luvu 4th FM Heather Aldret
93%
Yase 11th J Tiffany Seely
93%
Ua 14th PM JD Robinson
92%
Luvu 10th J Naseer Muttalif
90%
Ua 15th PM Brad Reese
89%
Yasa 7th J Liana Wallace
89%
Luvu 12th M Sydney Segal
88%
Yase 16th PM David Voce
86%
Yase 18th PM Eric Abraham
86%
Ua 13th PM Genie Chen
85%
Ua 17th PM Sara Wilson
83%
No matching quizzes found
Score Distribution
Percent of People with Each Score
Percentile by Number Answered
Your Score History
You have not taken this quiz